000 00653nam a2200181Ia 4500
008 151018s9999 xx 000 0 und d
082 _bRBASDV18726
_a891.463
100 _aचंद्रकांत काकोडकर
245 _aन कळत सारे घडले
250 _b1
260 _bयुवराज प्रकाशन पुणे
_c1976
300 _a128
600 _aचंद्रकांत काकोडकर
630 _aन कळत सारे घडले
700 _aचंद्रकांत काकोडकर
730 _aन कळत सारे घडले
942 _cBOOK
999 _c1019374
_d1019371